000 02380nam a2200265Ia 4500
003 Ost
005 20260507074912.0
008 260507s9999||||xx |||||||||||||| ||und||
020 _a2518175991
040 _cfsecg
041 _aara
082 _a330.121
100 _aعناية، غازي
_eمؤلف
245 0 _aوظائف السياسة الاقتصادية العامة في الاقتصاد الاسلامي /
_c غازي عناية
260 _aعمان:
_bدار المناهج للنشر و التوزيع,
_c2008
300 _a212 صفحة؛
_bإيضاحات ؛
_c24 سم
504 _aببليوغرافيا: ص.207
520 _aالتدخل الوظيفي الاقتصادي للسياسة الاقتصادية الاسلامية، الدور الوظيفي الاقتصادي للسياسة الاقتصادية الاسلامية: السياسة الاقتصادية الاسلامية وتمويل الاستثمار التنموي، السياسة الاقتصادية الاسلامية وتمويل الانتاج، السياسة الاقتصادية الاسلامية وتمويل المرافق التقليدية، السياسة الاقتصادية الاسلامية وتمويل توظيف الموارد، السياسة الاقتصادية الاسلامية وتمويل الدورة النقدية، الدور الوظيفي الاجتماعي للسياسة الاقتصادية الاسلامية: السياسة الاقتصادية الاسلامية وتحقيق أغراض التنمية الاجتماعية، السياسة الاقتصادية الاسلامية وتحقيق أغراض الضمان الاجتماعي، السياسة الاقتصادية الاسلامية وتحقيق أغراض التكافل الاجتماعي، الدور الوظيفي المالي للسياسة الاقتصادية الاسلامية، الدور الوظيفي السياسة للسياسة الاقتصادية الاسلامية: الدور الوظيفي السياسي للزكاة، الدور الوظيفي السياسي للضرائب، الدور الوظيفي السياسي للنفقات العامة
653 _aالاستثمار
653 _aالاقتصاد الاسلامي
653 _aالانتاج
653 _aالتخطيط الاقتصادي
653 _aالضرائب
942 _cكتاب
999 _c41746
_d41746